[Event "GER-ch U10"]
[Site "Willingen"]
[Date "2006.06.09"]
[Round "11"]
[White "Engshuber, Maximilian"]
[Black "Lagunow, Elina"]
[Result "1-0"]
[WhiteElo "1228"]
[BlackElo "1683"]
[PlyCount "37"]
[EventDate "2006.06.04"]
[EventType "swiss"]
[EventRounds "11"]
[EventCountry "GER"]
[SourceTitle "EXT 2007"]
[Source "ChessBase"]
[SourceDate "2006.11.23"]
[SourceVersion "1"]
[SourceVersionDate "2006.11.23"]
[SourceQuality "1"]

1. e4 e5 2. Nf3 Nc6 3. d4 exd4 4. Nxd4 Nf6 5. Nc3 Bb4 6. Nxc6 bxc6 7. Bd3 0-0 8. 0-0 d5 9. e5 Nd7 10. f4 Bc5+ 11. Kh1 Nb6 12. f5 d4 13. Ne4 Nd7 14. Nxc5 Nxc5 15. g3 g6 16. Qd2 Kh8 17. Qh6 Rg8 18. Rf4 Ne6 19. Qxh7+ 1-0

[Event "GER-ch U10"]
[Site "Willingen"]
[Date "2006.06.09"]
[Round "10"]
[White "Noettling, Dominik"]
[Black "Engshuber, Maximilian"]
[Result "1-0"]
[WhiteElo "1503"]
[BlackElo "1228"]
[PlyCount "73"]
[EventDate "2006.06.04"]
[EventType "swiss"]
[EventRounds "11"]
[EventCountry "GER"]
[SourceTitle "EXT 2007"]
[Source "ChessBase"]
[SourceDate "2006.11.23"]
[SourceVersion "1"]
[SourceVersionDate "2006.11.23"]
[SourceQuality "1"]

1. e4 e5 2. Bc4 Nc6 3. Nf3 Nf6 4. d3 Bc5 5. Nc3 d6 6. Bg5 h6 7. Bh4 g5 8. Bg3 Bg4 9. Nb1 Qe7 10. Nbd2 0-0-0 11. 0-0 d5 12. exd5 Nxd5 13. c3 f5 14. h3 Bh5 15. a4 f4 16. Bh2 a6 17. Re1 Qg7 18. Ne4 Ba7 19. b4 Rhg8 20. b5 Na5 21. bxa6 Nxc4 22. axb7+ Kxb7 23. dxc4 Nb6 24. Qb3 g4 25. Nc5+ Ka8 26. Ne6 Qg6 27. Nxd8 gxf3 28. g3 Rxd8 29. Rab1 Rb8 30. Rxe5 Nd7 31. Rb5 Rxb5 32. Qxb5 Nb6 33. a5 fxg3 34. fxg3 Qg7 35. axb6 Bxb6+ 36. c5 Qxc3 37. cxb6 1-0

[Event "GER-ch U10"]
[Site "Willingen"]
[Date "2006.06.05"]
[Round "4"]
[White "Holle, Cedric"]
[Black "Engshuber, Maximilian"]
[Result "0-1"]
[WhiteElo "1049"]
[BlackElo "1228"]
[PlyCount "80"]
[EventDate "2006.06.04"]
[EventType "swiss"]
[EventRounds "11"]
[EventCountry "GER"]
[SourceTitle "EXT 2007"]
[Source "ChessBase"]
[SourceDate "2006.11.23"]
[SourceVersion "1"]
[SourceVersionDate "2006.11.23"]
[SourceQuality "1"]

1. e4 e5 2. Nf3 Nc6 3. Bc4 Nf6 4. Ng5 d5 5. exd5 Na5 6. Bb5+ c6 7. dxc6 bxc6 8. Be2 h6 9. Nf3 e4 10. Ne5 Bd6 11. d4 exd3 12. Nxd3 Qc7 13. 0-0 Bxh2+ 14. Kh1 Bd6 15. Re1 0-0 16. Nc3 Bb7 17. Bf3 Rad8 18. Bd2 Nc4 19. b3 Nxd2 20. Qxd2 Bb4 21. a3 Bc5 22. Qe2 Rfe8 23. Qf1 Bd4 24. Rxe8+ Rxe8 25. Ne4 Nxe4 26. Re1 f5 27. Bh5 Re7 28. Bg6 Bxf2 29. Rxe4 fxe4 30. Nxf2 e3 31. Nd3 Qg3 32. Bf5 c5 33. Qe2 h5 34. Nxc5 Bd5 35. c4 Rf7 36. Bd3 Rf2 37. Bh7+ Kh8 38. Be4 Rxe2 39. Nd3 Bxe4 40. c5 Qxg2# 0-1

[Event "Sachsen-ch int U08"]
[Site "Sebnitz"]
[Date "2004.10.22"]
[Round "9.5"]
[White "Engshuber, Maximilian"]
[Black "Jacob, Hannes"]
[Result "0-1"]
[WhiteElo "1151"]
[BlackElo "869"]
[PlyCount "130"]
[EventDate "2004.10.??"]
[EventType "swiss"]
[EventRounds "9"]
[EventCountry "GER"]
[SourceTitle "EXT 2006"]
[Source "ChessBase"]
[SourceDate "2005.11.24"]
[SourceVersion "1"]
[SourceVersionDate "2005.11.24"]
[SourceQuality "1"]

1. e4 e5 2. Nf3 Nc6 3. d4 exd4 4. Bc4 Bb4+ 5. c3 dxc3 6. bxc3 Be7 7. Qd5 Nh6 8. Bxh6 0-0 9. Bf4 d6 10. Qh5 Be6 11. Bxe6 fxe6 12. Bg5 Ne5 13. Bxe7 Nxf3+ 14. gxf3 Qxe7 15. Nd2 Qf7 16. Qg5 Qf6 17. Qxf6 Rxf6 18. Rg1 e5 19. Ke2 b5 20. Rab1 a6 21. c4 h6 22. Rb2 Kf7 23. Rc2 c5 24. Rb1 b4 25. Kd3 g5 26. Ke3 a5 27. Nb3 a4 28. Nd2 Ke7 29. Nf1 h5 30. Ng3 h4 31. Nf5+ Ke6 32. Rd2 Ra6 33. Rbd1 Kd7 34. Rd3 a3 35. Rd5 Rc6 36. Rxe5 Kc7 37. Re7+ Kd8 38. Re5 Kc7 39. Re7+ Kd8 40. Rg7 Rb6 41. Rd3 Ke8 42. Rxg5 Kf7 43. Rg7+ Kf8 44. Rd7 Ke8 45. R7xd6 Rbxd6 46. Rxd6 Rxd6 47. Nxd6+ Kd7 48. Nf5 b3 49. Kd2 bxa2 50. Ne3 a1Q 51. Ke2 Qb2+ 52. Kd3 Qd4+ 53. Ke2 a2 54. Nc2 Qc3 55. Kd1 a1R+ 56. Nxa1 Qxa1+ 57. Kd2 Qa3 58. f4 Ke6 59. f5+ Ke5 60. Ke2 Kxe4 61. f6 Qb2+ 62. Kf1 Qxf6 63. h3 Kf3 64. Kg1 Qg5+ 65. Kf1 Qc1# 0-1

[Event "Sachsen-ch int U08"]
[Site "Sebnitz"]
[Date "2004.10.17"]
[Round "2.8"]
[White "Leschner, Konstantin"]
[Black "Engshuber, Maximilian"]
[Result "0-1"]
[WhiteElo "723"]
[BlackElo "1151"]
[PlyCount "26"]
[EventDate "2004.10.??"]
[EventType "swiss"]
[EventRounds "9"]
[EventCountry "GER"]
[SourceTitle "EXT 2006"]
[Source "ChessBase"]
[SourceDate "2005.11.24"]
[SourceVersion "1"]
[SourceVersionDate "2005.11.24"]
[SourceQuality "1"]

1. e4 e5 2. Nf3 Nc6 3. Bc4 Nf6 4. Nc3 Nxe4 5. Nxe4 d5 6. Bb3 dxe4 7. Nh4 Qxh4 8. Qe2 Bc5 9. g3 Qf6 10. d3 exd3 11. Qxd3 Qxf2+ 12. Kd1 Bg4+ 13. Qe2 Qxe2# 0-1